LEADER 01239nam a22002531i 4500 001 991003349469707536 005 20040624125546.0 008 040802s1859 fr |||||||||||||||||fre 035 $ab13061495-39ule_inst 035 $aARCHE-101410$9ExL 040 $aBiblioteca Interfacoltà$bita$cA.t.i. Arché s.c.r.l. Pandora Sicilia s.r.l. 082 04$a840.9 100 1 $aPiron, Alexis$d<1689-1773>$0451961 245 10$aOeuvres inédites de Piron :$bprose et vers : accompagnées de lettres également inédites adressées a Piron par MM.lles Quinault et de Bar : publiées sur les manuscrits autographes originaux, avec une introduction et des notes /$cpar Honoré Bonhomme 250 $aÉd. ornée de trois fac-simile 260 $aParis :$bPoulet-Malassis et de Broise,$c1859 300 $aXXVII, 413 p. ;$c19 cm 700 1 $aBonhomme, Honoré$eauthor$4http://id.loc.gov/vocabulary/relators/aut$0490181 907 $a.b13061495$b02-04-14$c05-08-04 912 $a991003349469707536 945 $aLE002 Fondo Giudici D 755$g1$i2002000245144$lle002$nC. 1$o-$pE0.00$q-$rn$so $t0$u0$v0$w0$x0$y.i13687499$z05-08-04 996 $aOeuvres inédites de Piron$91450028 997 $aUNISALENTO 998 $ale002$b05-08-04$cm$da $e-$ffre$gfr $h0$i1 LEADER 04076 am 2200781 n 450 001 9910306652103321 005 20181102 010 $a2-35613-293-7 024 7 $a10.4000/books.ausonius.10145 035 $a(CKB)4100000007522674 035 $a(FrMaCLE)OB-ausonius-10145 035 $a(oapen)https://directory.doabooks.org/handle/20.500.12854/51580 035 $a(PPN)234055014 035 $a(EXLCZ)994100000007522674 100 $a20190408j|||||||| ||| 0 101 0 $afre 135 $auu||||||m|||| 181 $ctxt$2rdacontent 182 $cc$2rdamedia 183 $acr$2rdacarrier 200 10$aLépide, le triumvir /$fAnnie Allely 210 $aPessac $cAusonius Éditions$d2018 215 $a1 online resource (290 p.) 311 $a2-910023-54-0 330 $aEn se fondant sur ses sources littéraires, épigraphiques et numismatiques, ce livre présente l?action menée par l?une des figures les plus controversées de la fin de la République romaine : M. Aemillius Lepidus. Le personnage avait une origine prestigieuse. Dans les années 60 a.C., comme il convenait à son niveau social, il entreprit le cursus honorum. Mais son appartenance à la mouvance « populaire » fut déterminante dans la suite de sa carrière. Il entretint des liens privilégiés avec César, dont il devint le maître de la cavalerie. La mort de César ne signa pas immédiatement la fin de la carrière de Lépide, qui joua encore un rôle dans la mise en place et dans le fonctionnement du Second Triumvirat. Dans cette période charnière, l?action politique et religieuse de Lépide fut bien réelle, tant à Rome, le centre de pouvoir, que dans les provinces, qui constituaient un enjeu important dans les stratégies politiques des triumvirs. Cependant, ce rôle ne lui évita pas son élimination politique par Octavien. Drawing on literary, epigraphic and numismatic sources, this study presents the deeds of one of the most controversial figures at the end of the Roman Republic: M. Aemilius Lepidus. He was a person of prestigious origins. In the 60's B.C., in accord with his social status, he entered the cursus honorum. But his belonging to the 'popular' movement was determinant on the rest of this career. He maintained privileged relations with Caesar, becoming his Master of the cavalry. Caesar's death did not immediately signify the end of Lepidus's career, who still played a part in the setting up and functioning of the Second Triumvirate. At this turning point, the political and religious acts of Lepidus were effectively tangible, whether at Rome, the centre of power, or in the provinces, which were of great importance in the political strategies of the triumvirs. However, this role did not help him avoid political elimination by Octavian. 606 $aClassics 606 $aHistory 606 $asecond triumvirat 606 $afigure controversée 606 $aRépublique romaine 606 $acursus honorum 606 $achute 606 $aexil 606 $abataille d'Actium 606 $aprincipat 606 $acarrière politique 606 $aalliance 606 $asource épigraphique 610 $acarrière politique 610 $aRépublique romaine 610 $acursus honorum 610 $aalliance 610 $achute 610 $asecond triumvirat 610 $asource épigraphique 610 $aprincipat 610 $aexil 610 $abataille d'Actium 610 $afigure controversée 615 4$aClassics 615 4$aHistory 615 4$asecond triumvirat 615 4$afigure controversée 615 4$aRépublique romaine 615 4$acursus honorum 615 4$achute 615 4$aexil 615 4$abataille d'Actium 615 4$aprincipat 615 4$acarrière politique 615 4$aalliance 615 4$asource épigraphique 700 $aAllely$b Annie$0623725 801 0$bFR-FrMaCLE 906 $aBOOK 912 $a9910306652103321 996 $aLépide, le triumvir$91091240 997 $aUNINA LEADER 02010nam 2200421z- 450 001 9910346774603321 005 20210211 010 $a1000051515 035 $a(CKB)4920000000100777 035 $a(oapen)https://directory.doabooks.org/handle/20.500.12854/47204 035 $a(oapen)doab47204 035 $a(EXLCZ)994920000000100777 100 $a20202102d2016 |y 0 101 0 $aeng 135 $aurmn|---annan 181 $ctxt$2rdacontent 182 $cc$2rdamedia 183 $acr$2rdacarrier 200 00$aExperimental Investigation of Crack Initiation in Face-Centered Cubic Materials in the High and Very High Cycle Fatigue Regime 210 $cKIT Scientific Publishing$d2016 215 $a1 online resource (XXX, 185 p. p.) 225 1 $aSchriftenreihe des Instituts für Angewandte Materialien, Karlsruher Institut für Technologie 311 08$a3-7315-0471-5 330 $aThis book investigates the fatigue mechanisms and crack initiation of Ni, Al and Cu on a small-scale in the Very High Cycle Fatigue regime by means of innovative fatigue experimentation. A novel custom-built resonant fatigue setup showed that the sample resonant frequency changes with increasing cycle number due to fatigue damage. Mechanisms such as slip band formation have been observed. Cyclic hardening, vacancy and oxidation formation may be considered as early fatigue mechanisms. 606 $aTechnology: general issues$2bicssc 610 $aErmu?dung 610 $aface-centered cubic 610 $ainfinite lifetime 610 $akubisch fla?chenzentriert 610 $aRissinitiierung 610 $aunendliche Lebensdauercrack initiation 610 $avery high cycle fatigue 615 7$aTechnology: general issues 700 $aStraub$b Thomas$4auth$01313374 906 $aBOOK 912 $a9910346774603321 996 $aExperimental Investigation of Crack Initiation in Face-Centered Cubic Materials in the High and Very High Cycle Fatigue Regime$93031352 997 $aUNINA